000 00432nam a22001697a 4500
003 OSt
005 20211110152716.0
008 211110b |||||||| |||| 00| 0 eng d
040 _cHAWASSA UNIVERSITY
050 _a636.0896761/JAH
_b1
082 _a636.0896761/JAH
_b1
100 _aJAHNKE HANS E.
_917791
245 _aIFO FORSCHUNGSBERICHTE DER AFRIKA STUDIENSTELLE
260 _c1974
300 _a359
942 _2ddc
_cBOOKS
_n0
999 _c17570
_d17570